00334nam a22001217a 4500003000600000005001700006008004100023040000800064082001800072245008000090260003100170300001100201GBCCL20241126110634.0180912b ||||| |||| 00| 0 eng d cgbc aSOU EBCb2008 aEBCC Central lamka silver jubilee souvenir :btutan Toupan honpi 1983-2008 c2008aCentral lamka:bEBCC a56p. ;